Histoire de France - Religion catholique : sainte Geneviève - Statistiques

Statistiques générales
  • Ce quiz a été pris 10 fois
  • Le résultat moyen est 7 sur 16
Statistiques - réponses
Questions Réponses % Correct
Siècle durant lequel naquit sainte Geneviève et durant lequel elle vécut l'essentiel de sa vie. Le Ve siècle
90%
Chef des Huns qui menaçait Paris mais finalement épargna la ville. Sainte Geneviève enjoignit les Parisii à ne pas abandonner la ville malgré la menace. Attila
70%
Roi franc salien, fils du précédent, favorable à l'Église catholique romaine, à qui sainte Geneviève ouvrit les portes de Paris. Clovis
60%
Basilique située dans la commune limitrophe de Paris du même nom. Elle est devenue la nécropole des rois de France. Sainte Geneviève fut à l'origine de son édification. La basilique Saint-Denis
60%
Jardin parisien créé en 1612 à la demande de Marie de Médicis. On y retrouve une statue à l'effigie de sainte Geneviève réalisée par Victor Mercier (1845) parmi les 20 statues de "Reines de France et Femmes illustres". Le Jardin du Luxembourg
60%
Ville de l'Île de France où naquit sainte Geneviève. Nanterre
60%
Complétez cette citation de sainte Geneviève : "Que les hommes fuient s'ils veulent, s'ils ne sont plus capables de se ____. Nous, les femmes, nous prierons Dieu tant et tant qu'Il entendra nos supplications." Battre
50%
Peuple germanique dit barbare qui pénétra en Espagne et fut converti à l'hérésie précédente. Sainte Geneviève encouragea la lutte contre ce peuple hérétique. Les Wisigoths
50%
Roi franc salien qui assiégea Paris. Sainte Geneviève organisa alors le ravitaillement de la ville. Childéric
40%
Roi capétien, dit le "Jeune", époux d'Aliénor d'Aquitaine, qui fit apposer le sceau royal sur la châsse de sainte Geneviève. Louis VII
40%
Épouse du précédent que sainte Geneviève a soutenu pour obtenir la conversion de son mari. Sainte Clothilde
40%
Hérésie qui nie la divinité du Christ, hérésie que combattit sainte Geneviève. L'arianisme
30%
État du centre des États-Unis d'Amérique dans lequel on retrouve une ville du nom de Sainte Geneviève, ville qui a conservé une architecture typiquement française contrairement à la ville voisine de Saint Louis (à 100 km au nord dans le même État). Le Missouri
20%
Miracle par lequel une centaine de malades furent guéris après avoir touché des reliques de sainte Geneviève, six siècles après son décès : "Le miracle des _____". Ardents
10%
Auteur du poème "La Tapisserie de sainte Geneviève et de Jeanne d'Arc" en 1913, pour le 1400e anniversaire du décès de la sainte. Charles Péguy
10%
Gentilé formé à partir du nom Geneviève qui désigne les chanoines membres de la Congrégation de France (fondée en 1621) dont l'abbaye-mère était l'abbaye Sainte-Geneviève de Paris. Les Génovéfains
0%
Aucun quiz correspondant
Distribution des résultats
% des personnes avec chaque résultat
Percentile par nombre de réponses
Votre historique - résultats
Vous n’avez pas pris ce quiz